Tobozok, csutkák, kincsek

Elmentve itt :
Bibliográfiai részletek
Dokumentumtípus: Cikk
Megjelent: 1982-11-21
Sorozat:Délmagyarország 72 No. 274
Kulcsszavak:Bartók Béla Művelődési Központ, múzeumok
Online Access:http://dmarchiv.bibl.u-szeged.hu/115669
LEADER 00430nab a2200145 i 4500
001 delm115669
005 20190620122804.0
008 190620s1982 hu o 0|| hun d
040 |a SZTE Délmagyarország Archívum  |b hun 
041 |a hun 
245 0 0 |a Tobozok, csutkák, kincsek  |h [elektronikus dokumentum] 
260 |c 1982-11-21 
300 |a 1 
490 0 |a Délmagyarország  |v 72 No. 274 
695 |a Bartók Béla Művelődési Központ, múzeumok